000
00325nam a2200133Ia 4500
008
231017s9999 xx 000 0 und d
082
_a
624.151
082
_b
DAV
245
0
_a
Geotechnical Investigations
245
0
_c
US Army Corps of Engineers
260
_b
US Army Corps of Engineers
300
_c
30cm
942
_c
REP
999
_c
604079
_d
604079